000 00511nab a2200217 a 4500
001 22525
003 70538
005 20201118100230.0
008 ||||||n9999 ||| || ||
041 _aspa
245 0 _aDecreto 1933 de 1992
260 _aBogotá :
_bLegis,
_c1992.
300 _app. 709-710
562 _e0
650 _aADAPTACION SOCIAL
650 _aDECRETOS LEGISLATIVOS
650 _aEMPLEOS
650 _aMOVIMIENTOS GUERRILLEROS
773 _057819
_aLegislación
942 _cSART
999 _c22525
_d22525